Countries of the World by Bordering Sea in 90 Seconds - Map Quiz - Statistics

General Stats
  • This quiz has been taken 4,420 times
    2,637 since last reset
  • The average score is 128 of 154
Answers on the Map
Answers color-coded by a green-red scale on the quiz's map according to % correct below.
 
Answer Stats
Country % Correct
Russia Baltic/Black/Pacific/Arctic/Okhotsk/Japan/Caspian/Bering
99%
Mexico Caribbean/Mexico/Pacific
99%
Cuba Caribbean/Atlantic
98%
Spain Mediterranean/Balearic/Atlantic
98%
United States Mexico/Pacific/Atlantic
98%
France North /Atlantic/Mediterranean
98%
Indonesia South China/Indian/Pacific/Bengal/Andaman/Timor
98%
Canada Baffin Bay/Atlantic/Pacific/Arctic/Hudson/Beaufort
97%
Antigua and Barbuda | Barbados | Costa Rica | +9 others Caribbean/Atlantic
97%
Colombia | Guatemala | Honduras | Panama Caribbean/Pacific
97%
Nicaragua Caribbean Sea/Pacific
97%
Australia Indian/Pacific/Great Australian/Carpentaria/Coral/Tasman/Arafura/Timor
97%
Morocco Mediterranean/Atlantic
97%
United Kingdom North/Irish/Celtic/Atlantic/Hebrides
97%
Japan Okhotsk/East China/Japan/Pacific
97%
Philippines Philippine/South China/Sulu/Sulawesi
97%
South Africa Atlantic/Indian
96%
Gabon | Liberia Guinea/Atlantic
96%
Equatorial Guinea Gulf of Guinea/Atlantic
96%
India Indian/Bengal/Andaman/Arabian
96%
Somalia Arabian/Indian
95%
Bahamas Atlantic
95%
Angola | Argentina | Brazil | +14 others Atlantic Ocean
95%
Sri Lanka Bengal/Indian
95%
Papua New Guinea Coral/Solomon/Arafura/Pacific
95%
Iceland GreenlandNorwegian/Atlantic
95%
Ireland Irish/Celtic/Atlantic
95%
Egypt | Israel Mediterranean/Red
95%
New Zealand Tasman/Pacific
95%
Ecuador | Peru Atlantic Ocean
94%
Chile | El Salvador | Federated States of Micronesia | +9 others Pacific Ocean
94%
Solomon Islands Solomon/Pacific
94%
Comoros | Kenya | Madagascar | +5 others Indian Ocean
93%
Greece Mediterranean/Aegean/Ionian/Crete
92%
Turkey Mediterranean/Marmara/Black/Aegean
92%
Monaco Mediterranean/Ligurian
90%
Algeria | Cyprus | Lebanon | +4 others Mediterranean Sea
90%
Denmark | Germany Baltic/North
88%
Saudi Arabia Red/Persian
88%
Yemen Arabian/Red
87%
Ukraine Azov/Black
87%
Bulgaria | Georgia | Romania Black Sea
87%
Djibouti Red/Arabian
87%
Eritrea | Jordan | Sudan Red Sea
85%
Iran Arabian/Persian
81%
Norway Barents/Norwegian/North
81%
Belgium | Netherlands North Sea
80%
Italy Tyrrhenian/Mediterranean/Adriatic/Ligurian/Ionian/Sicily
79%
China East China/South China/Yellow
77%
Estonia | Finland | Latvia | +3 others Baltic Sea
75%
South Korea East China/Yellow/Japan
71%
Oman | United Arab Emirates Arabian/Persian
69%
Azerbaijan Caspian
68%
Kazakhstan | Turkmenistan Caspian Sea
68%
Taiwan South China/Philippine/East China
68%
North Korea Japan/Yellow
66%
Malaysia South China/Thailand/Sulu/Sulawesi/Andaman
66%
Vietnam South China/Thailand
65%
Brunei | Singapore South China Sea
63%
Myanmar Andaman/Bengal
58%
Albania Ionian/Adriatic
56%
Bangladesh Bay of Bengal
55%
Kuwait Parsian Gulf
55%
Bahrain | Iraq | Qatar Persian Gulf
55%
Bosnia and Herzegovina | Croatia | Montenegro | Slovenia Adriatic Sea
54%
Pakistan Arabian Sea
46%
Belize | Jamaica Caribbean Sea
43%
Benin | Cameroon | Cote d'Ivoire | +4 others Gulf of Guinea
41%
Thailand Andaman/Thailand
30%
Cambodia Gulf of Thailand
25%
East Timor Banda/Savu/Timor
11%
No matching quizzes found
Score Distribution
Percent of People with Each Score
Percentile by Number Answered
Your Score History
You have not taken this quiz since the last reset